| 000 | 00502cam a22002054a 4500 | ||
|---|---|---|---|
| 005 | 20250605164254.0 | ||
| 008 | 250528s ||||||||||||||||||||||||d | ||
| 035 | _a21884 | ||
| 020 | _a9780273621287 | ||
| 040 |
_aGR-AtMCL _bgre _dGR-AtMCL _eAACR2 |
||
| 245 | 1 | _aDECISION MAKING WITH COMPUTERS | |
| 250 | _a1 | ||
| 260 |
_bPrentice Hall, _c1997 |
||
| 300 | _a402 | ||
| 700 | 1 |
_aEdwards John S _91338 |
|
| 700 | 1 |
_aFinlay Paul N _91339 |
|
| 942 | _cBK | ||
| 999 |
_c6942 _d6942 |
||